Fairy Tail - Les Esprits Célestes - Statistiques

Statistiques générales
  • Ce quiz a été pris 720 fois
  • Le résultat moyen est 13 sur 22
Statistiques - réponses
Clé Constellation Esprit Céleste % Correct
Or Lion Loki
97%
Or Taureau Taurus
97%
Or Vierge Virgo
94%
Or Scorpion Scorpio
93%
Or Gémeaux Gemini
92%
Or Verseau Aquarius
91%
Or Sagittaire Sagittarius
91%
Or Capricorne Caprico
87%
Or Cancer Cancer
86%
Or Bélier Aries
76%
Or Balance Libra
74%
Or Poisson Pisces
74%
Argent Horloge Horologium
58%
Argent Lyre Lyra
56%
Argent Chiot Nikola
44%
Argent Boussole Pyxis
19%
??? ??? Roi des Esprits
15%
Argent Croix du Sud Kross
13%
Or Serpentaire Ophiucus
12%
Argent Burin Caelum
11%
Argent Cygne Deneb
11%
Argent Petite Ourse Polaris
9%
Aucun quiz correspondant
Distribution des résultats
% des personnes avec chaque résultat
Percentile par nombre de réponses
Votre historique - résultats
Vous n’avez pas pris ce quiz